000 02344cam a22004814i 4500
003 PE-LiUPU
005 20250731173407.0
008 150706s2011 miu r 000 0 spa d
020 _a9780825412295
035 _a(Sirsi) i9780825412295
040 _aPE-LiUPU
_bspa
_cPE-LiUPU
_erda
049 _aPRUA
082 0 4 _a234.165
_bCh21
_221
100 1 _aChapman, Gary,
_eautor.
245 1 0 _aLo que me hubiera gustado saber. ¡antes de casarme!, consejos para novios, recién casados y los matrimonios quieren reencontrarse /
_cGary Chapman.
264 1 _aMichigan :
_bPORTAVOZ,
_c2011.
300 _a142 páginas ;
_c22 centímetros
336 _atext
_2rdacontent
337 _aunmediated
_2rdamedia
338 _avolume
_2rdacarrier
505 0 _aMe hubiera gustado saber que -- Estar enamorado no es la base adecuada para construir un matrimonio exitoso -- El amor romántico tiene dos etapas -- El refrán" de tal palo, tal astilla" no es un mito -- Los desacuerdos se pueden resolver sin discutir -- Disculparse es señal de fortaleza -- El perdón no es un sentimiento -- Los baños no se limpian solos -- Necesitábamos un plan para administrar nuestro dinero -- La mutuo satisfacción sexual no es algo automático -- Me estaba cansado con una familia -- Espiritualidad no es lo mismo que "ir a la iglesia" -- La personalidad influye profundamente en el comportamiento -- Cómo tener una relación de noviazgo sana.
526 _aSEG42
526 _aSEG41
526 _aSEG40
526 _aSEG39
526 _aP94
526 _aP87
526 _aP86
526 _aP85
526 _aP77
526 _aP76
526 _aP35
541 _g001-001102;
650 0 4 _aMatrimonio
_xCristianismo.
650 0 4 _aComunicación en el matrimonio.
700 1 _aFernández, Beatriz,
_etraductor.
910 _agl
_bjv
_clch
_d20110905
942 _2ddc
_cBOOK
949 _a234.165 CH21
_wDEWEY
_c1
_i63385
_lCCODEBUL1
_mBUL
_p9.00
_r0
_sY
_tBOOK
_u2015-7-6
_xTEOLOGIA
_PP35
_o.STAFF. Colección General
994 _aC0
_bPEPRU
596 _a1
999 _a234.165 CH21
_wDEWEY
_c52347
_i63385
_d52347
_e2019-6-28
_f2021-11-30
_g4
_lCCODEBUL1
_mBUL
_n40
_p9.00
_q1
_r0
_sY
_tBOOK
_u2015-7-6
_xTEOLOGIA
_PP35
_0COMPRA
_o.STAFF. Colección Teología
980 _81
_gALBERTO SANCHEZ Responsable de Automatización